LDR 00943naa#a2200169#i#450# 001 RU\FGKOU VO SPBU MVD ROSSII\bibl\106206 005 20260704023058.6 011 ## _a2227-7226 100 ## _a20260630b2026####ek#y0rusy0150####ca 102 ## _aRU 200 1# _aУголовно-процессуальные акты прокурора: правовая природа и роль в механизме правового регулирования _eЖурнальная статья 210 1# _aСанкт-Петербург _cСАНКТ-ПЕТЕРБУРГСКИЙ УНИВЕРСИТЕТ МИНИСТЕРСТВА ВНУТРЕННИХ ДЕЛ РОССИЙСКОЙ ФЕДЕРАЦИИ _d2026 215 ## _a6 с. 608 ## _aЖурнальная статья _2local 675 ## _aПрокуратура и ее должностные лица. 343.163 _aОбвинение. 343.101 _z 700 #1 _aМиликова _gАнна Владимировна 856 4# _avestnikkf.ru _u